000 00863nam a2200265 i 4500
001 bg
100 1 _aNIEMUNIS, Andrzej
245 1 0 _aExtended hypoplastic models for soils /
_cAndrzej Niemunis ; Gdańsk University of Technology.
260 _aGdańsk :
_bWydaw. Politechniki Gdańskiej,
_c2003.
300 _a191, [1] s. :
_bwykr. ;
_c24 cm.
490 1 _aMonografie / Politechnika Gdańska ;
_v34
500 _aStreszcz. ang., pol.
504 _aBibliogr.
650 9 _aMechanika gruntów
_xbadanie
650 9 _aNaprężenia i odkształcenia
_xgeologia
_xbadanie
650 9 _aPlastyczność
_abadanie
830 0 _aMonografie (Politechnika Gdańska) ;
_v34
020 _a8373480382
040 _cBPK
041 0 _aeng
_bengpol
080 _a624.131:539.3/.5
920 _a83-7348-038-2
942 _cKS
008 s pl f |000 0 pol
999 _c43073
_d43073
856 _uhttp://koha.tu.koszalin.pl/cgi-bin/koha/opac-detail.pl?biblionumber=43073
_yKatalog online BPK